000 00298nam a2200109Ia 4500
008 230907s9999||||xx |||||||||||||| ||und||
082 _a531.163
_bMAT
100 _aMatuttis, Hans-Georg,
_9116138
245 0 _aUnderstanding the discrete element method :
300 _axxii, 456 pages :
942 _cBK
999 _c601169
_d601169